Statistics for 2016 Olympic Silver & Bronze Medal Countries (with a map)

Click here to take the quiz!

General Stats

  • This quiz has been taken 79 times
  • The average score is 76 of 85

Answers on the Map

Answers color-coded by a green-red scale on the quiz's map according to % correct below.
 

Answer Stats

silverbronzecountry% Correct
goldArgentina
100%
goldArmenia
100%
goldAustralia
100%
goldAzerbaijan
100%
goldBahamas
100%
goldBahrain
100%
goldBelarus
100%
goldBelgium
100%
goldBrazil
100%
goldCanada
100%
goldChina
100%
goldColombia
100%
goldCôte d'Ivoire
100%
goldCroatia
100%
goldCuba
100%
goldCzechia
100%
goldDenmark
100%
goldEthiopia
100%
goldFiji
100%
goldFrance
100%
goldGeorgia
100%
goldGermany
100%
goldGreat Britain
100%
goldGreece
100%
goldHungary
100%
goldIndonesia
100%
goldIran
100%
goldItaly
100%
goldJamaica
100%
goldJapan
100%
goldJordan
100%
goldKazakhstan
100%
goldKenya
100%
goldKosovo
100%
goldNetherlands
100%
goldNew Zealand
100%
goldNorth Korea
100%
goldPoland
100%
goldRomania
100%
goldRussia
100%
goldSerbia
100%
goldSingapore
100%
goldSlovakia
100%
goldSlovenia
100%
goldSouth Africa
100%
goldSouth Korea
100%
goldSpain
100%
goldSweden
100%
goldSwitzerland
100%
goldTaiwan
100%
goldTajikistan
100%
goldThailand
100%
goldTurkey
100%
goldUkraine
100%
goldUnited States
100%
goldUzbekistan
100%
goldVietnam
100%
32Mexico
92%
04Norway
89%
01Finland
87%
11India
87%
20Ireland
86%
01Portugal
86%
03Egypt
85%
01Austria
83%
01Estonia
80%
20Algeria
79%
13Lithuania
79%
01Morocco
76%
11Mongolia
75%
10Niger
75%
12Venezuela
75%
12Bulgaria
73%
01Nigeria
70%
10Philippines
69%
03Tunisia
68%
41Malaysia
66%
01United Arab
Emirates
52%
01Moldova
49%
01Dominican
Republic
48%
02Israel
39%
10Qatar
39%
01Trinidad
and Tobago
30%
10Burundi
20%
10Grenada
17%

Score Distribution

Percentile by Number Answered

Percent of People with Each Score

Your Score History

You have not taken this quiz